000 00336pab a2200145 454500
008 180718b1990 xxu||||| |||| 00| 0 eng d
100 _aLal, T.
245 _aPrimary capital market
_bSome reflections
260 _c1990
300 _a10-12
362 _a16 Jun.
650 _aFinancial Institutions
773 _aYojana
909 _a8952
999 _c8952
_d8952